000 02286cam a2200385 a 4500
999 _c57986
_d57986
001 15641502
005 20210416133800.0
008 090227s2009 enk b 001 0 eng
010 _a 2009008911
015 _aGBA8D6212
_2bnb
016 7 _a014844616
_2Uk
020 _a9780199226092 (pbk. : alk. paper)
020 _a0199226091 (pbk. : alk. paper)
035 _a(OCoLC)ocn277068135
040 _aDLC
_cDLC
_dBTCTA
_dBAKER
_dYDXCP
_dUKM
_dBWKUK
_dBWK
_dJ2H
_dCDX
_dBWX
_dDLC
043 _ae------
050 0 0 _aJN15
_b.W495 2009
080 _a327 W-66
082 0 0 _a341.242/2
_222
100 1 _aWiener, Antje.
_910395
245 1 0 _aEuropean integration theory /
_cAntje Wiener, Thomas Diez.
250 _a2nd ed.
260 _aOxford ;
_aNew York :
_bOxford University Press,
_c2009.
300 _axvi, 295 p. ;
_c25 cm.
504 _aIncludes bibliographical references (p. [253]-290) and index.
505 0 _aIntroducing the mosaic of integration theory / Thomas Diez and Antje Wiener -- Federalism / Michael Burgess -- Neofunctionalism / Arne Niemann and Philippe C. Schmitter -- Liberal intergovernmentalism / Andrew Moravcsik and Frank Schimmelfennig -- Governance approaches / B. Guy Peters and Jon Pierre -- Policy networks / John Peterson -- The new institutionalisms and European integration / Mark A. Pollack -- Social constructivism and European integration / Thomas Risse -- Discursive approaches / Ole Wæver -- Gender and European integration / Birgit Locher and Elisabeth Prügl -- Normative theory and the EU : between contract and community / Richard Bellamy with Claudia Attucci -- Critical political economy / Alan W. Cafruny and J. Magnus Ryner -- Taking stock of integration theory / Antje Wiener and Thomas Diez.
610 2 0 _aEuropean Union.
_911412
650 0 _aEuropean federation.
_911413
651 0 _aEuropean Union countries
_xPolitics and government
_xPhilosophy.
_911414
653 _aEuropean Integration Theory
700 1 _aDiez, Thomas,
_d1970-
_911415
906 _a7
_bcbc
_corignew
_d1
_eecip
_f20
_gy-gencatlg
942 _2udc
_cBK
955 _are07 2009-02-27
_ire07 2009-02-27 to shelflisting
_ard05 2009-03-02
_axe11 2009-07-15 1 copy rec'd., to CIP ver.
_aBarcode 00239934110 returned from bindery 2009-08-27
_ath29 2009-09-28 copy 2 added